| 000 | 00968nam0a22003011 4500 | ||
|---|---|---|---|
| 001 | rc\3915137 | ||
| 005 | 20250611021557.0 | ||
| 021 |
_aRU _b[49-3659] |
||
| 035 | _a(NLR Aleph) 008022059 | ||
| 090 |
_a8767193 _c8767193 |
||
| 100 | _a20130415d1948 |||y0rusy50 ca | ||
| 101 | 0 | _arus | |
| 102 | _aRU | ||
| 105 | _aab z ||||| | ||
| 200 | 1 | _aМоря и океаны | |
| 210 |
_aМосква _cВоен. изд-во _d1948 |
||
| 215 |
_a48 с. _cил., карт. _d20 |
||
| 225 | 1 | _aНаучно-популярная библиотека солдата и матроса | |
| 300 | _aПеред загл. авт.: проф. В.Г. Богоров | ||
| 606 |
_aОкеаны _2psbo |
||
| 606 |
_aМоря СССР _2psbo |
||
| 606 |
_aМоря _2psbo |
||
| 700 | 1 |
_aБогоров _bВ.Г. _f1904-1971 _gВениамин Григорьевич |
|
| 801 | 0 |
_aRU _bNLR _gpsbo |
|
| 801 | 1 |
_aRU _bELAR _2rusmarc |
|
| 852 |
_aNLR _jГн10 Г-4/147 |
||
| 942 | _cBOOK | ||
| 980 | _aNB | ||